Media and information literacy: (Record no. 354634)
[ view plain ]
| 000 -LEADER | |
|---|---|
| fixed length control field | 01174nam a22002777a 4500 |
| 003 - CONTROL NUMBER IDENTIFIER | |
| control field | SISC |
| 005 - DATE AND TIME OF LATEST TRANSACTION | |
| control field | 20180201101330.0 |
| 008 - FIXED-LENGTH DATA ELEMENTS--GENERAL INFORMATION | |
| fixed length control field | 180201b xxu||||| |||| 00| 0 eng d |
| 050 ## - LIBRARY OF CONGRESS CALL NUMBER | |
| Classification number | ZA 3075 .P58 |
| 100 ## - MAIN ENTRY--PERSONAL NAME | |
| Personal name | Pitagan, Ferdinand B. |
| 245 ## - TITLE STATEMENT | |
| Title | Media and information literacy: |
| Remainder of title | core subject / |
| Statement of responsibility, etc | Ferdinand B. Pitagan, Virginia P. Andres, Louis Mark N. Plaza, Conrado C. Rotor, Aurelio P. Vilbar, Cheryl F. Villanueva. |
| 260 ## - PUBLICATION, DISTRIBUTION, ETC. (IMPRINT) | |
| Place of publication, distribution, etc | Quezon City: |
| Name of publisher, distributor, etc | Commission on Higher Education, |
| Date of publication, distribution, etc | 2016. |
| 300 ## - PHYSICAL DESCRIPTION | |
| Extent | 191 pages: |
| Other physical details | illustrations; |
| Dimensions | 28 cm. |
| 440 ## - SERIES STATEMENT/ADDED ENTRY--TITLE | |
| Title | Teaching guide for senior high school |
| 500 ## - GENERAL NOTE | |
| General note | This teaching guide by the Commission on Higher Education is licensed under a Creative Commons Attribution - NonCommercial-ShareAlike 4.0 International License. |
| 504 ## - BIBLIOGRAPHY, ETC. NOTE | |
| Bibliography, etc | Bibliography: pp. 183-189 |
| 650 ## - SUBJECT ADDED ENTRY--TOPICAL TERM | |
| Source of heading or term | Library of Congress Subject Headings |
| Topical term or geographic name as entry element | Information literacy |
| 650 ## - SUBJECT ADDED ENTRY--TOPICAL TERM | |
| Source of heading or term | Library of Congress Subject Headings |
| Topical term or geographic name as entry element | Media literacy |
| 700 ## - ADDED ENTRY--PERSONAL NAME | |
| Personal name | Andres, Virginia P. |
| 700 ## - ADDED ENTRY--PERSONAL NAME | |
| Personal name | Villanueva, Cheryl F. |
| 700 ## - ADDED ENTRY--PERSONAL NAME | |
| Personal name | Vilbar, Aurelio P. |
| 700 ## - ADDED ENTRY--PERSONAL NAME | |
| Personal name | Rotor, Conrado C. |
| 700 ## - ADDED ENTRY--PERSONAL NAME | |
| Personal name | Plaza, Louis Mark N. |
| 942 ## - ADDED ENTRY ELEMENTS (KOHA) | |
| Source of classification or shelving scheme | Library of Congress Classification |
| Koha item type | Books |
| Withdrawn status | Lost status | Source of classification or shelving scheme | Damaged status | Home library | Current library | Shelving location | Date acquired | Source of acquisition | Total Checkouts | Total Renewals | Full call number | Barcode | Date last seen | Date checked out | Copy number | Price effective from | Koha item type |
|---|---|---|---|---|---|---|---|---|---|---|---|---|---|---|---|---|---|
| Library of Congress Classification | Luxembourg Library | Luxembourg Library | Teachers Reference Section | 02/01/2018 | Donation | 1 | 3 | ZA 3075 .P58 | 20498 | 08/16/2018 | 08/01/2018 | 1 | 02/01/2018 | Books |